Green Bay Packers Starting Quarterbacks of Super Bowl Era - Statistics

General Stats
  • This quiz has been taken 335 times
    121 since last reset
  • The average score is 10 of 28
Answer Stats
Answer % Correct
Aaron Rodgers
100%
Brett Favre
99%
Jordan Love
99%
Bart Starr
95%
Malik Willis
70%
Don Majkowski
68%
Matt Flynn
68%
Lynn Dickey
49%
Brett Hundley
48%
Scott Tolzien
34%
Seneca Wallace
34%
Randy Johnson
28%
John Hadl
26%
Randy Wright
21%
David Whitehurst
20%
Scott Hunter
19%
Mike Tomczak
18%
Zeke Bratkowski
18%
Don Horn
16%
Jerry Tagge
15%
Blair Kiel
13%
Carlos Brown
11%
Anthony Dilweg
10%
Jim Del Gaizo
10%
Jim Zorn
10%
Don Millan
9%
Jack Concannon
6%
Alan Risher
5%
No matching quizzes found
Score Distribution
Percent of People with Each Score
Percentile by Number Answered
Your Score History
You have not taken this quiz since the last reset